| 000 | 00949nam a2200265 i 4500 | ||
|---|---|---|---|
| 001 | 77296 | ||
| 003 | ES-MaACL | ||
| 005 | 20230906173142.0 | ||
| 007 | t| | ||
| 008 | 041007s1977 sp ||||1| spa d | ||
| 100 | 1 |
_aHabermas, Jürgen. _961376 |
|
| 245 | 1 | 3 |
_aLa crítica nihilista del conocimiento en Nietzsche / _cJürgen Habermas ; introducción de Jesús Rodríguez MArín ; vesión de Carmen García Trevijano y Silverio Cerra. |
| 260 |
_aValencia : _bRevista Teorema, _c1977. |
||
| 300 |
_a49 p. ; _c22 cm. |
||
| 490 | 1 |
_aCuadernos Teorema ; _v13 |
|
| 504 | _aBibliografía: p. 47-49. | ||
| 600 | 1 | 4 |
_aNietzsche, Friedrich, _d1844-1900 _985718 |
| 650 | 4 |
_aEpistemología. _912338 |
|
| 700 | 1 |
_aRodríguez Marín, Jesús. _998637 |
|
| 700 | 1 |
_aGarcía Trevijano, Carmen. _955342 |
|
| 700 | 1 |
_aCerra, Silverio. _937552 |
|
| 830 | 0 |
_aCuadernos Teorema ; _v13 _9180999 |
|
| 852 |
_aES-MaACL _j2093-F-16 _bR.95839 |
||
| 999 |
_c77296 _d77296 |
||